000 00391nam a2200157Ia 4500
008 230711s9999||||xx |||||||||||||| ||und||
041 _aENG
082 _a621.3
_bSH-E
100 _aKeith Sherwin
245 0 _aEngineering design for performance
250 _a1st Ed.
260 _c1982
_aNew York
_bJohn Wiley & Sons.Inc
300 _a162
650 _aElectrical Engineering
942 _cBK
999 _c1935
_d1935